MDQL
is popping MORE tags! Check the
thread
!
Quizzes
Events
Quiz Creation
Community
Videos
Private Events
Remove Ads
Sign In
Join for FREE
Feedback
Dark Mode
Quiz Categories
Sports
Geography
Music
Movies
Television
Just For Fun
Miscellaneous
History
Literature
Language
Science
Gaming
Entertainment
Religion
Holiday
For Kids
Quiz Lab
Recent
Popular Today
Quiz Kudos Today
Editor Picks
Curator Picks
Quizzes by...
Day
Popularity
Type
Ratings
Length
Year
Community
Subscriptions
Recent Discussions
Orange Saloon
Badges
Playlists
Quests
Create
Leaderboards
Showdown
Live 5
Trivia Bingo
Activity
Puzzle Library
Sporcle Events
Private Events
Virtual Trivia
Globe League
Become a Host
Pub Owners
SporcleCon
Opinionation
Our Games
Videos
Blog
Mobile Apps
Partnerships
Remove Ads and Go Orange
Feedback
Sports
Athletes
MLB
NBA
NHL
NFL
Soccer
Sports Teams
WWE
NCAA
Football
Premier League
Basketball
Baseball
Hockey
Golf
Tennis
Cricket
Rugby
Auto Racing
Olympics
World Cup
Sports
Athletes
MLB
NBA
NHL
NFL
Soccer
Sports Teams
WWE
NCAA
Football
Premier League
Basketball
Baseball
Hockey
Golf
Tennis
Cricket
Rugby
Auto Racing
Olympics
World Cup
Random Quiz
Search Sporcle
×
Curator Pick
Curator Pick
Sports
WWE
Type in answers that appear in a list
Type in answers that appear in a list
Classic
Best Score? Go Orange.
TNA King of the Mountain Participants Stats
Can you name the participants in all of TNA's King of the Mountain matches?
By
dudemanbearpig
7m
60 Questions
3,467 Plays
3,467 Plays
3,467 Plays
Comments
Comments
Give Quiz Kudos
Give Quiz Kudos
-
- Ratings
hide this ad
Replay
Link that replays current quiz
Next Quiz
Link to next quiz in quiz playlist
You Got
0%
They Got
Avg Score
55%
Avg Friend Score
Upgrade to see
Score Distribution
Jump to the score distribution portion of the page
Score
0/60
Timer
07:00
1
Play Today
Event
Participants
% Correct
96th Weekly PPV
AJ Styles
94.5%
Slammiversary '05
AJ Styles
94.5%
Slammiversary '07
AJ Styles
94.5%
Slammiversary '09 (II)
AJ Styles
94.5%
96th Weekly PPV
Jeff Jarrett
91.7%
Slammiversary '06
Jeff Jarrett
91.7%
Slammiversary '09 (II)
Jeff Jarrett
91.7%
Slammiversary '15
Jeff Jarrett
90.8%
Slammiversary '07
Kurt Angle
90.2%
Slammiversary '09 (II)
Kurt Angle
90.2%
Slammiversary '07
Samoa Joe
89.8%
Slammiversary '08
Samoa Joe
89.8%
Slammiversary '09 (II)
Samoa Joe
89.8%
Slammiversary '06
Sting
83.9%
Slammiversary '05
Abyss
82.1%
Slammiversary '06
Abyss
82.1%
Slammiversary '15
Bobby Roode
80.4%
Slammiversary '15
Matt Hardy
78.7%
6/
5/
08 Impact
Curry Man
77.9%
Slammiversary '06
Christian Cage
77.5%
Slammiversary '07
Christian Cage
77.5%
Slammiversary '08
Christian Cage
77.5%
Slammiversary '08
Robert Roode
74.2%
6/
5/
08 Impact
Kaz
70.1%
Slammiversary '09 (I)
Suicide
70.1%
Slammiversary '08
Booker T
67.1%
3/
8/
16 Impact
Eric Young
66.5%
6/
5/
08 Impact
Chris Sabin
66.2%
Slammiversary '09 (I)
Chris Sabin
66.2%
Slammiversary '15
Eric Young
64.8%
Event
Participants
% Correct
8/
12/
15 Impact
Eric Young
64.8%
8/
12/
15 Impact
Bobby Lashley
62.2%
96th Weekly PPV
Ron Killings
62%
Slammiversary '06
Ron Killings
62%
6/
5/
08 Impact
Jimmy Rave
61.9%
96th Weekly PPV
Raven
61.6%
Slammiversary '05
Raven
61.6%
Slammiversary '09 (II)
Mick Foley
59.1%
Slammiversary '09 (I)
Alex Shelley
57.8%
96th Weekly PPV
Chris Harris
56%
Slammiversary '07
Chris Harris
56%
Slammiversary '08
Rhino
55.2%
Slammiversary '09 (I)
Jay Lethal
52.1%
Slammiversary '05
Monty Brown
49.8%
Slammiversary '15
Drew Galloway
49.1%
5/
3/
16 Impact
Eddie Edwards
41.9%
5/
3/
16 Impact
Eli Drake
34.3%
Slammiversary '05
Sean Waltman
33.6%
Slammiversary '09 (I)
Consequences Creed
33.3%
8/
12/
15 Impact
PJ Black
27%
3/
8/
16 Impact
Bram
23.6%
5/
3/
16 Impact
Bram
23.6%
8/
12/
15 Impact
Robbie E
16.3%
6/
5/
08 Impact
Johnny Devine
15.4%
8/
12/
15 Impact
Chris Mordetzky
14.8%
3/
8/
16 Impact
Big Damo
14.3%
3/
8/
16 Impact
Will Ospreay
14.1%
3/
8/
16 Impact
Jimmy Havoc
13%
5/
3/
16 Impact
Jessie Godderz
11.8%
5/
3/
16 Impact
Andrew Everett
11.2%
Quiz Playlist
Details
Report
Send in Message
Add To Playlist
Classic:
Type in answers that appear in a list
Quiz Source
Last Updated: Mar 31, 2019
Curator Pick in
WWE
Quiz Scoreboard
CHALLENGE
Sign Up to Join the Scoreboard
Show All
Scores
Hide
Comments
May contain spoilers
Recently Published
Street Fighter Characters
by Artimus82
Gaming
60s
9x9 Crossword: Cartoon Network
by jackfrog10
Miscellaneous
3m
College Basketball Coaching Resumes
by pancakes188
Sports
9m
More to Explore
Quiz From the Vault
Featured Blog Post
Where Did the Easter Bunny Come From?
hide this ad
You Might Also Like...
Tags
WWE Quiz
Event
King
Matching
mountains
participant
tna
TNA Wrestling
Today's Top Quizzes in Sports
Browse Sports
hide this ad
Today's Top Quizzes in WWE
Browse WWE
Top Contributed Quizzes in Sports
1
2022 World Cup Stars
2
Les meilleurs buteurs des matchs entre le PSG et l’OM
3
FIFA Club World Cup Champions
4
Les entraîneurs de l'OM et du PSG au 21e siècle
5
Criteria MLB: Left Handed Sluggers
6
2023 MLB Unique Player Accomplishments
7
AFC Teams Reveal (Wrong Answers Minefield)
8
5-to-1: FBS Animal Nicknames
9
Players with Multiple 50 Home Run Seasons
10
5-to-1: UK Sports Teams
Explore More
Trending Topics
NBA
Kpop
Marvel
Disney
Harry Potter
Anime
Crossword
WWE
The Office
Song
Pokémon
NFL
Puzzle
Soccer
Country
hide this ad
More By:
dudemanbearpig
Quiz
Plays
Rating
Category
Featured
Created
WWE Royal Rumble Final Four
309,084
4.45
Sports
Dec 1, 2009
Top 50 Females in Harry Potter
137,455
4.67
Literature
May 10, 2012
Top 25 Non-Humans in Harry Potter
68,936
4.83
Literature
Apr 30, 2012
WrestleMania: 5+ in a Row
63,514
4.54
Sports
Apr 3, 2012
Black WWE PPV Competitors
14,900
4.34
Sports
Nov 6, 2011
Go to Creator's Profile
Score Distribution
Quiz Creator Spotlight
dudemanbearpig
Follow
Send a Message
Quizzes Created
-
Created Quiz Play Count
-
More By This Creator
Popular Quizzes Today
1
Find the US States - No Outlines Minefield
2
Find the Countries of Europe - No Outlines Minefield
3
The Countries of the World
4
Find the US States
5
Risky Map Clicking: Biggest States A-Z
6
US States
7
Popular People in 1961
8
Movies - When Are They Set?
More Sports Quizzes
Lazio's Number 10's
Quiz Lab
Trending Quizzes
Risky Map Clicking: Least Populous States A-Z
Countries of the World: 200 Million BC
1-10 Letter G Words
Risky Map Clicking: Next State Alphabetically
Adjectives in 80s TV Shows
Recently Updated
Leaping Animals
pecheneg
Reality TV Shows (A-Z)
bhenderson79
Rickey Henderson's Hall of Fame Teammates
pecheneg
Champions League XIs: Arsenal
pecheneg
Quick Pick: Celebrities in WWE's Hall of Fame
aduchscher
A-Z Keypad Blitz II
pecheneg
Multiple Oscar Actors
pecheneg
Mystery Phrase Blitz: Oscar 'Best Actors'
pecheneg
F. Scott Fitzgerald Novels
LTH
Pick 3 Villains
ddd62291
Trending Topics
Kpop
Anime
Marvel
Disney
NBA
Crossword
Harry Potter
WWE
Song
Pokémon
Soccer
The Office
Puzzle
NFL
Country
Your Account Isn't Verified!
In order to create a playlist on Sporcle, you need to verify the email address you used during registration. Go to your
Sporcle Settings
to finish the process.
Report this User
Report this user for behavior that violates our
Community Guidelines
.
Details:
Send Report
Go to the Sporcle.com Mobile Site →
Comments